000 00401nam a22001697a 4500
005 20160530120251.0
008 160530b xxu||||| |||| 00| 0 eng d
020 _a0-7432-3213-5
041 _aeng
082 _b6041
100 _aAaker, David A
_91514
245 _aBuilding Strong (Brands)
260 _bFree Press Business Marketing
300 _a366
650 _aManagement
_9241
942 _cBK
999 _c2139
_d2138